DLC Euro Truck Simulator 2 (2026) - Statistiques

Statistiques générales
  • Ce quiz a été pris 4 fois
  • Le résultat moyen est 4 sur 10
Statistiques - réponses
Hint Réponse % Correct
2016 Vive la France!
100%
2013 Going East
67%
2021 Iberia
67%
2017 Italia
67%
2024 Greece
33%
2015 Scandinavia
33%
2023 West Balkan
33%
2018 Beyond the Baltic Sea
0%
2025 Nordic Horizons
0%
2019 Road to the Black Sea
0%
Aucun quiz correspondant
Distribution des résultats
% des personnes avec chaque résultat
Percentile par nombre de réponses
Votre historique - résultats
Vous n’avez pas pris ce quiz